Normal view
MARC view
Entry Personal Name
001 - CONTROL NUMBER
- control field: 530386
003 - CONTROL NUMBER IDENTIFIER
- control field: OSt
005 - DATE AND TIME OF LATEST TRANSACTION
- control field: 20220930072748.0
008 - FIXED-LENGTH DATA ELEMENTS
- fixed length control field: 220930|| aca||aabn | a|a d
040 ## - CATALOGING SOURCE
- Original cataloging agency: OSt
- Transcribing agency: OSt
100 ## - HEADING--PERSONAL NAME
- Personal name: Kaushal Raka
670 ## - SOURCE DATA FOUND
- Source citation: Work cat.: (OSt)864286: Kaushal Raka, Study the correlation of glomerular charge selectivity index to microalbuminuria and the effect of angiotensin coverting enzyme inhibitors on them in patients of NIDDM with incipient nephropathy, 1998
